<?xml version="1.0" encoding="UTF-8"?>
<collection xmlns="http://www.loc.gov/MARC21/slim">
 <record>
  <leader>01791caa a2200349 c 4500</leader>
  <controlfield tag="001">1921967528</controlfield>
  <controlfield tag="003">DE-627</controlfield>
  <controlfield tag="005">20250605100024.0</controlfield>
  <controlfield tag="007">cr uuu---uuuuu</controlfield>
  <controlfield tag="008">250409s2000    xx |||||oo    00| ||ger c</controlfield>
  <datafield tag="035" ind1=" " ind2=" ">
   <subfield code="a">(DE-627)1921967528</subfield>
  </datafield>
  <datafield tag="035" ind1=" " ind2=" ">
   <subfield code="a">(DE-599)KXP1921967528</subfield>
  </datafield>
  <datafield tag="040" ind1=" " ind2=" ">
   <subfield code="a">DE-627</subfield>
   <subfield code="b">ger</subfield>
   <subfield code="c">DE-627</subfield>
   <subfield code="e">rda</subfield>
  </datafield>
  <datafield tag="041" ind1=" " ind2=" ">
   <subfield code="a">ger</subfield>
  </datafield>
  <datafield tag="084" ind1=" " ind2=" ">
   <subfield code="a">KUNST</subfield>
   <subfield code="q">DE-16</subfield>
   <subfield code="2">fid</subfield>
  </datafield>
  <datafield tag="100" ind1="1" ind2=" ">
   <subfield code="a">Markschies, Alexander</subfield>
   <subfield code="d">1969-</subfield>
   <subfield code="e">VerfasserIn</subfield>
   <subfield code="0">(DE-588)121573699</subfield>
   <subfield code="0">(DE-627)08139618X</subfield>
   <subfield code="0">(DE-576)182245683</subfield>
   <subfield code="4">aut</subfield>
  </datafield>
  <datafield tag="245" ind1="1" ind2="0">
   <subfield code="a">[Rezension von: Björn R. Kommer (Hrsg.), Adriaen de Vries. Augsburgs Glanz - Europas Ruhm]</subfield>
   <subfield code="c">rezensiert von Alexander Markschies</subfield>
  </datafield>
  <datafield tag="264" ind1=" " ind2="1">
   <subfield code="c">2000</subfield>
  </datafield>
  <datafield tag="300" ind1=" " ind2=" ">
   <subfield code="b">Illustrationen</subfield>
  </datafield>
  <datafield tag="336" ind1=" " ind2=" ">
   <subfield code="a">Text</subfield>
   <subfield code="b">txt</subfield>
   <subfield code="2">rdacontent</subfield>
  </datafield>
  <datafield tag="337" ind1=" " ind2=" ">
   <subfield code="a">Computermedien</subfield>
   <subfield code="b">c</subfield>
   <subfield code="2">rdamedia</subfield>
  </datafield>
  <datafield tag="338" ind1=" " ind2=" ">
   <subfield code="a">Online-Ressource</subfield>
   <subfield code="b">cr</subfield>
   <subfield code="2">rdacarrier</subfield>
  </datafield>
  <datafield tag="655" ind1=" " ind2="7">
   <subfield code="a">Rezension</subfield>
   <subfield code="0">(DE-588)4049712-4</subfield>
   <subfield code="0">(DE-627)106186019</subfield>
   <subfield code="0">(DE-576)209083166</subfield>
   <subfield code="2">gnd-content</subfield>
  </datafield>
  <datafield tag="773" ind1="0" ind2="8">
   <subfield code="i">Enthalten in</subfield>
   <subfield code="t">Kunstform</subfield>
   <subfield code="d">München : Ludwig-Maximilians-Universität München, Institut für Kunstgeschichte, 2000</subfield>
   <subfield code="g">1(2000), 1</subfield>
   <subfield code="h">Online-Ressource</subfield>
   <subfield code="w">(DE-627)382929004</subfield>
   <subfield code="w">(DE-600)2140180-9</subfield>
   <subfield code="w">(DE-576)281244731</subfield>
   <subfield code="x">1618-7199</subfield>
   <subfield code="7">nnas</subfield>
  </datafield>
  <datafield tag="773" ind1="1" ind2="8">
   <subfield code="g">volume:1</subfield>
   <subfield code="g">year:2000</subfield>
   <subfield code="g">number:1</subfield>
  </datafield>
  <datafield tag="787" ind1="0" ind2="8">
   <subfield code="i">Rezension von</subfield>
   <subfield code="t">Adriaen de Vries</subfield>
   <subfield code="d">Heidelberg : Umschau / Braus, 2000</subfield>
   <subfield code="h">432 S.</subfield>
   <subfield code="w">(DE-627)312034954</subfield>
   <subfield code="w">(DE-576)083743650</subfield>
   <subfield code="z">3829570244</subfield>
  </datafield>
  <datafield tag="787" ind1="0" ind2="8">
   <subfield code="i">Rezension von</subfield>
   <subfield code="t">Adriaen de Vries</subfield>
   <subfield code="d">Heidelberg : Vernissage-Verl., 2000</subfield>
   <subfield code="h">66 S.</subfield>
   <subfield code="w">(DE-627)1163969842</subfield>
   <subfield code="w">(DE-576)093969848</subfield>
  </datafield>
  <datafield tag="856" ind1="4" ind2="0">
   <subfield code="u">https://www.arthistoricum.net/kunstform/rezension/ausgabe/2000/1/5572</subfield>
   <subfield code="x">Verlag</subfield>
   <subfield code="z">kostenfrei</subfield>
   <subfield code="3">Volltext</subfield>
   <subfield code="7">0</subfield>
  </datafield>
  <datafield tag="951" ind1=" " ind2=" ">
   <subfield code="a">AR</subfield>
  </datafield>
  <datafield tag="994" ind1=" " ind2=" ">
   <subfield code="u">https://www.arthistoricum.net/themen/rezensionen/kunstform/rezension/ausgabe/2000/1/5572</subfield>
  </datafield>
  <datafield tag="991" ind1=" " ind2=" ">
   <subfield code="a">Rezension (Veranstaltung, Ausstellung)</subfield>
  </datafield>
  <datafield tag="999" ind1=" " ind2=" ">
   <subfield code="a">KXP-PPN1921967528</subfield>
   <subfield code="e">4919646836</subfield>
  </datafield>
 </record>
</collection>
